Southville International School and Colleges
Your cart is empty.
  • Cart
  • Lists
    Public lists Eva Luna New books Lux_list list_1
    Your lists Log in to create your own lists
  • Log in to your account
  • Your cookies
  • Search history
Southville International School and Colleges
  • Advanced search
  • Recent comments
  • Most popular
  • Libraries

Log in to your account

Log in with GOOGLE


If you do not have an external account, but do have a local account, you can still log in:

  1. Home
  2. MARC view: ADD and ADHD /
Normal view MARC view ISBD view

ADD and ADHD / (Record no. 12794)

[ view plain ]
MARC details
000 -LEADER
fixed length control field 00549nam a2200181 a 4500
005 - DATE AND TIME OF LATEST TRANSACTION
control field 20140310182409.0
008 - FIXED-LENGTH DATA ELEMENTS--GENERAL INFORMATION
fixed length control field 090428s19uu xx 00 eng d
020 ## - INTERNATIONAL STANDARD BOOK NUMBER
International Standard Book Number 0-7368-1029-3
050 ## - LIBRARY OF CONGRESS CALL NUMBER
Classification number RJ 506.H9
Item number .P43 2002
100 ## - MAIN ENTRY--PERSONAL NAME
Personal name Peacock, Judith
245 ## - TITLE STATEMENT
Title ADD and ADHD /
Statement of responsibility, etc Judith Peacock.
260 ## - PUBLICATION, DISTRIBUTION, ETC. (IMPRINT)
Place of publication, distribution, etc Minnesota :
Name of publisher, distributor, etc Life Matters,
Date of publication, distribution, etc 2002.
300 ## - PHYSICAL DESCRIPTION
Extent 64 p. :
Other physical details col. ill. ;
Dimensions 19 cm.
440 ## - SERIES STATEMENT/ADDED ENTRY--TITLE
Title Perspective on Mental Health
650 ## - SUBJECT ADDED ENTRY--TOPICAL TERM
Topical term or geographic name as entry element Attention-deficit hyperactivity disorder
General subdivision Juvenile literature.
942 ## - ADDED ENTRY ELEMENTS (KOHA)
Koha item type Books
Source of classification or shelving scheme Library of Congress Classification
Holdings
Withdrawn status Lost status Source of classification or shelving scheme Damaged status Home library Current library Shelving location Date acquired Source of acquisition Total Checkouts Full call number Barcode Date last seen Copy number Price effective from Koha item type
    Library of Congress Classification   Luxembourg Library Luxembourg Library High School Section 04/28/2009     RJ 506.H9 .P43 2002 17208 10/10/2013 1 10/10/2013 Books

ADD and ADHD /

APA

Peacock J., . (2002). ADD and ADHD. Minnesota: Life Matters.

Chicago

Peacock Judith, . 2002. ADD and ADHD. Minnesota: Life Matters.

Harvard

Peacock J., . (2002). ADD and ADHD. Minnesota: Life Matters.

MLA

Peacock Judith, . ADD and ADHD. Minnesota: Life Matters. 2002.

  • Place hold
  • Print
  • Cite
  • Add to your cart (remove)
  • Save record
    BIBTEX Dublin Core MARCXML MARC (non-Unicode/MARC-8) MARC (Unicode/UTF-8) MARC (Unicode/UTF-8, Standard) MODS (XML) RIS
  • More searches
    Search for this title in:
    Other Libraries (WorldCat) Other Databases (Google Scholar) Online Stores (Bookfinder.com) Open Library (openlibrary.org)

Exporting to Dublin Core...

SOUTHVILLE LIBRARY

Southville International School and Colleges Library

1281 Tropical Ave. Cor. Luxembourg St., BF Homes International, Las Pinas City

Tel. No. 8256374 / 252358 Loc. 117/146

Powered by Koha